Сорбенты для ликвидации нефтяных разливов на основе верховых слаборазложившихся торфов Томской области; Международный научно-исследовательский журнал; № 1 (32), ч. 1
| Parent link: | Международный научно-исследовательский журнал.— , 2012- № 1 (32), ч. 1.— 2015.— [С. 77-79] |
|---|---|
| Glavni avtor: | |
| Korporativna značnica: | |
| Izvleček: | Заглавие с экрана Для ликвидации разливов нефти необходимо использовать торфяные сорбенты, произведённые из местного сырья. Ресурсы малоразложившихся верховых торфов Томской области, пригодных для приготовления сорбентов, составляют около 8,4 млрд. т. Oil spill response is necessary should be used peat sorbents made from local raw materials. Resources of raised bog weakly decomposed peat of Tomsk area, suitable for the production of sorbents - about 8.4 billion tons. Режим доступа: по договору с организацией-держателем ресурса |
| Jezik: | ruščina |
| Izdano: |
2015
|
| Serija: | Геолого-минералогические науки / Geology and mineralogy |
| Teme: | |
| Online dostop: | http://research-journal.org/wp-content/uploads/2015/02/1-1-32.pdf#page=77 https://elibrary.ru/item.asp?id=22956583 |
| Format: | Elektronski Book Chapter |
| KOHA link: | https://koha.lib.tpu.ru/cgi-bin/koha/opac-detail.pl?biblionumber=656548 |
MARC
| LEADER | 00000naa0a2200000 4500 | ||
|---|---|---|---|
| 001 | 656548 | ||
| 005 | 20250404122123.0 | ||
| 035 | |a (RuTPU)RU\TPU\network\22989 | ||
| 035 | |a RU\TPU\network\22808 | ||
| 090 | |a 656548 | ||
| 100 | |a 20171117d2015 k||y0rusy50 ca | ||
| 101 | 0 | |a rus | |
| 102 | |a RU | ||
| 135 | |a drcn ---uucaa | ||
| 181 | 0 | |a i | |
| 182 | 0 | |a b | |
| 200 | 1 | |a Сорбенты для ликвидации нефтяных разливов на основе верховых слаборазложившихся торфов Томской области |d Sorbent for oil spill response based on raised bog weakly decomposed peat of tomsk area |f Н. А. Антропова | |
| 203 | |a Текст |c электронный | ||
| 225 | 1 | |a Геолого-минералогические науки / Geology and mineralogy | |
| 300 | |a Заглавие с экрана | ||
| 320 | |a [Библиогр.: с. 78-79 (10 назв.)] | ||
| 330 | |a Для ликвидации разливов нефти необходимо использовать торфяные сорбенты, произведённые из местного сырья. Ресурсы малоразложившихся верховых торфов Томской области, пригодных для приготовления сорбентов, составляют около 8,4 млрд. т. | ||
| 330 | |a Oil spill response is necessary should be used peat sorbents made from local raw materials. Resources of raised bog weakly decomposed peat of Tomsk area, suitable for the production of sorbents - about 8.4 billion tons. | ||
| 333 | |a Режим доступа: по договору с организацией-держателем ресурса | ||
| 461 | |t Международный научно-исследовательский журнал |d 2012- | ||
| 463 | |t № 1 (32), ч. 1 |v [С. 77-79] |d 2015 | ||
| 510 | 1 | |a Sorbent for oil spill response based on raised bog weakly decomposed peat of tomsk area |z eng | |
| 610 | 1 | |a электронный ресурс | |
| 610 | 1 | |a труды учёных ТПУ | |
| 610 | 1 | |a трубопроводный транспорт | |
| 610 | 1 | |a ликвидация | |
| 610 | 1 | |a разливы нефти | |
| 610 | 1 | |a торфяные сорбенты | |
| 610 | 1 | |a сырьевые базы | |
| 700 | 1 | |a Антропова |b Н. А. |c специалист в области транспорта и хранения нефти |c доцент Томского политехнического университета, кандидат геолого-минералогических наук |f 1959- |g Наталья Алексеевна |3 (RuTPU)RU\TPU\pers\26134 |9 11963 | |
| 712 | 0 | 2 | |a Национальный исследовательский Томский политехнический университет (ТПУ) |b Институт природных ресурсов (ИПР) |b Кафедра транспорта и хранения нефти и газа (ТХНГ) |3 (RuTPU)RU\TPU\col\18661 |
| 801 | 2 | |a RU |b 63413507 |c 20171117 |g RCR | |
| 856 | 4 | |u http://research-journal.org/wp-content/uploads/2015/02/1-1-32.pdf#page=77 | |
| 856 | 4 | |u https://elibrary.ru/item.asp?id=22956583 | |
| 942 | |c CF | ||